Statistiques concernant Generique dessins animés

Cliquez ici pour prendre le quiz!

Statistiques générales

  • Ce quiz a été pris 7 849 fois
  • Le résultat moyen est 8 sur 20

Statistiques - réponses

PhraseRéponse% Correct
Je me battrai sans répitPokémon
94%
Et Rasmo, oui RapidoRatz
78%
On ira, on saura sauver notre existenceCode lyoko
70%
Partage,respect, ...Foot 2 rue
66%
C'est l'heure du du du duelYu-gi-oh
65%
Enfant du soleilLes Mysterieuses cités d'or
62%
Quand on a le ballon au bout du piedOlive et Tom
58%
Vas y court et la victoire est en toiInazuma Eleven
52%
Il est né sur les rives du fleuveTom sawyer
43%
Tu n'es pas de notre galaxieCapitaine Flam
42%
C'est aussi le plus grand chienClifford
41%
Soit le feu et la terreWakfu
31%
Si tu le veux, demain tu peux, être avec nousWinx Club
30%
Accourt vers nous, prince de l'espaceGoldorak
29%
Une nuit de mille lunes, un petit enfant néMarcelino
27%
Dans ma cuisine, je suis le roiTomtom et nana
13%
Les dinosaures sont de retour parmi nousDinosaur King
6%
Il y a un endroit où on peux se faire des amis pour la vieHorseland
6%
... a retrouvé l'enfanceDetective Conan
4%
Il existait une clé magique ouvrant la porte du monde enchantéSimsala Grimm
2%

Distribution des résultats

Percentile par nombre de réponses

% des personnes avec chaque résultat

Votre développement - résultats

Vous n’avez pas pris ce quiz